[Event "44th Open Sitges 2018"]
[Site "Sitges"]
[Date "2018.07.23"]
[Round "3"]
[White "Abhishek, Das"]
[Black "Guseinov, Gadir"]
[Result "0-1"]
[WhiteElo "2325"]
[BlackElo "2654"]
[Annotator "TA"]
[PlyCount "58"]
[EventDate "2018.07.22"]
[EventType "swiss"]
[EventCountry "ESP"]
[SourceTitle "playchess.com"]
[Source "ChessBase"]
[SourceQuality "1"]

{[%evp 11,58,0,0,-17,-19,-31,-10,-23,-20,-25,-25,-43,-37,-45,-30,-60,-51,-55,0,-63,-49,-67,-54,-45,-59,-72,-84,-109,-102,-129,-131,-163,-168,-198,-166,-286,-275,-284,-279,-330,-319,-303,-322,-313,-302,-428,-420,-645,-662]} 1. e4 c5 2. Nc3 Nc6 3. Bb5 Nd4 4. Bc4 a6 (4... e6 5. Nge2 Ne7 6. Nxd4 cxd4 7. Ne2 Nc6 8. O-O a6 9. d3 d5 10. exd5 exd5 11. Bb3 Bd6 12. Nf4 Bxf4 13. Bxf4 O-O 14. Qf3 Be6 15. Rfe1 {1-0 (58) Cornette,M (2611)-Lenic,L (2662) chess.com INT 2018}) 5. Nge2 b5 6. Bd5 {B23: Sizilianisch (Geschlossenes System)} Rb8 {[#] LiveBook: 4 Partien. zielt auf ...e6 ab.} 7. d3 e6 8. Bb3 {Die Stellung ist ausgeglichen.} Nc6 $146 ({Vorgänger:} 8... Nxb3 9. axb3 Bb7 10. O-O Nf6 11. f4 d5 12. e5 {0-1 (40) Baumann,S (2003)-Gottkehaskamp,P (1926) Germany 2016}) 9. O-O Nf6 10. Re1 Be7 11. Bg5 O-O 12. Ng3 d6 13. Nb1 h6 14. Bf4 a5 (14... Ne5 $15) 15. c3 ({Günstiger ist} 15. a4 $11) 15... a4 $15 16. Bc2 e5 $36 {[%mdl 2048] Schwarz kämpft um Vorteil.} 17. Bc1 Bg4 18. f3 {[#]} Be6 $1 19. Nd2 d5 20. Ndf1 d4 21. f4 exf4 22. Bxf4 Rb7 23. Nf5 (23. c4 $142) 23... Bxf5 $19 24. exf5 Nd5 25. Bd2 dxc3 26. bxc3 Bf6 27. Qf3 Rc7 28. Ng3 (28. Rac1 {ist wohl besser.}) 28... Nxc3 {Droht ...Sd4 und aus.} 29. Nh5 (29. Bd1 $142) 29... Nd4 {Precision: Weiß = 39%, Schwarz = 80%.} 0-1

[Event "44th Open Sitges 2018"]
[Site "Sitges"]
[Date "2018.07.23"]
[Round "3"]
[White "Neelash, Saha"]
[Black "Munoz, Miguel"]
[Result "1/2-1/2"]
[WhiteElo "2319"]
[BlackElo "2500"]
[Annotator "TA"]
[PlyCount "32"]
[EventDate "2018.07.22"]
[EventType "swiss"]
[EventCountry "ESP"]
[SourceTitle "playchess.com"]
[Source "ChessBase"]
[SourceQuality "1"]

{[%evp 10,32,0,-4,6,0,33,28,27,6,37,37,44,30,33,33,39,33,57,33,36,36,40,22,23]} 1. d4 Nf6 2. Bf4 c5 3. dxc5 Na6 4. Qd4 Qa5+ 5. c3 Qxc5 6. e3 {LiveBook: 5 Partien. A45: Damenbauernspiele (Trompowski-Angriff)} e6 7. Nd2 d5 $146 ({Vorgänger:} 7... b6 8. Nb3 Qc6 9. Nf3 Nc5 10. Ne5 Qb7 11. Nc4 {1-0 (58) Aronian,L (2799)-Nepomniachtchi,I (2751) Saint Louis 2017}) 8. Ngf3 {Weiß steht etwas besser.} Be7 9. Nb3 Qxd4 (9... Qb6 {with more complications.} 10. Be2 Nc5 11. O-O O-O 12. Rfb1 Nfe4) 10. exd4 Nb8 11. Bb5+ Nfd7 12. a4 a6 13. Bd3 Nc6 14. O-O b6 15. Rfe1 Bb7 16. Rac1 O-O 1/2-1/2

[Event "44th Open Sitges 2018"]
[Site "Sitges"]
[Date "2018.07.23"]
[Round "3"]
[White "Saurabh, Anand"]
[Black "Miciano, John Marvin"]
[Result "1/2-1/2"]
[WhiteElo "2258"]
[BlackElo "2411"]
[Annotator "TA"]
[PlyCount "37"]
[EventDate "2018.07.22"]
[EventType "swiss"]
[EventCountry "ESP"]
[SourceTitle "playchess.com"]
[Source "ChessBase"]
[SourceQuality "1"]

{[%evp 14,16,41,29,42]} 1. d4 d6 2. e4 Nf6 3. Nc3 g6 4. Nf3 Bg7 5. h3 O-O 6. Be3 c6 7. a4 Nbd7 8. a5 {LiveBook: 199 Games} e5 {B08: Pirc Defence: Classical System} {Predecessor:} 9. dxe5 $146 dxe5 10. Qd6 Ne8 11. Qa3 Bf6 12. Rd1 Qe7 13. Qa2 Nc5 14. Bc4 Nc7 15. Qa3 Nd7 16. Qxe7 Bxe7 17. Bh6 Re8 18. Ng5 Bxg5 19. Bxg5 {1-0 (76) Artemiev,V (2691)-Mchedlishvili,M (2603) Riadh 2017} 1/2-1/2

[Event "44th Open Sitges 2018"]
[Site "Sitges"]
[Date "2018.07.23"]
[Round "3"]
[White "Anadkat, Kartavya"]
[Black "Gonzales, Jayson"]
[Result "1/2-1/2"]
[WhiteElo "1910"]
[BlackElo "2367"]
[Annotator "ChessBase"]
[PlyCount "98"]
[EventDate "2018.07.22"]
[EventType "swiss"]
[EventCountry "ESP"]
[SourceTitle "playchess.com"]
[Source "ChessBase"]
[SourceQuality "1"]
[TimeControl "40/5400+30:1800+30"]

1. e4 {[%emt 0:00:01]} c6 {[%emt 0:06:12]} 2. d4 {[%emt 0:00:08]} d5 {[%emt 0:00:12]} 3. e5 {[%emt 0:00:02]} c5 {[%emt 0:00:15]} 4. dxc5 {[%emt 0:00:14]} e6 {[%emt 0:00:08]} 5. a3 {[%emt 0:00:04]} Bxc5 {[%emt 0:00:08]} 6. b4 {[%emt 0:00:03]} Bb6 {[%emt 0:00:21]} 7. Nf3 {[%emt 0:00:20]} Nc6 {[%emt 0:00:26]} 8. Bb2 {[%emt 0:00:44]} Nge7 {[%emt 0:02:41]} 9. Bd3 {[%emt 0:00:07]} Ng6 {[%emt 0:00:10]} 10. O-O {[%emt 0:00:12]} O-O {[%emt 0:00:10]} 11. c4 {[%emt 0:07:26]} dxc4 {[%emt 0:00:14]} 12. Bxc4 {[%emt 0:00:13]} Qxd1 {[%emt 0:00:11]} 13. Rxd1 {[%emt 0:00:09]} Bc7 {[%emt 0:00:02]} 14. Re1 {[%emt 0:03:41]} Rd8 {[%emt 0:00:22]} 15. Bc3 {[%emt 0:23:55]} a6 {[%emt 0:06:58]} 16. a4 {[%emt 0:03:18]} Bd7 {[%emt 0:09:11]} 17. Na3 {[%emt 0:04:04]} Rac8 {[%emt 0:02:10]} 18. b5 {[%emt 0:11:02]} axb5 {[%emt 0:10:04]} 19. axb5 {[%emt 0:00:51]} Nce7 {[%emt 0:01:14]} 20. Bb4 {[%emt 0:01:35]} Be8 {[%emt 0:06:07]} 21. Rac1 {[%emt 0:03:09]} Nf5 {[%emt 0:01:45]} 22. Bf1 {[%emt 0:02:46]} Nf4 {[%emt 0:04:46]} 23. g4 {[%emt 0:10:13]} Nd5 {[%emt 0:02:47]} 24. Bc5 {[%emt 0:08:46]} Nh6 {[%emt 0:02:49]} 25. h3 {[%emt 0:01:23]} Ba5 {[%emt 0:00:26]} 26. Red1 {[%emt 0:00:51]} Rxc5 {[%emt 0:06:41]} 27. Rxc5 {[%emt 0:00:02]} Bb4 {[%emt 0:00:01]} 28. Rcxd5 {[%emt 0:00:37]} Rxd5 {[%emt 0:00:20]} 29. Rxd5 {[%emt 0:00:18]} exd5 {[%emt 0:00:01]} 30. Nc2 {[%emt 0:00:03]} Bc5 {[%emt 0:00:08]} 31. Ncd4 {[%emt 0:00:42]} f6 {[%emt 0:02:12]} 32. Nb3 {[%emt 0:04:02]} Bb6 {[%emt 0:00:20]} 33. exf6 {[%emt 0:00:29]} gxf6 {[%emt 0:00:01]} 34. Nfd4 {[%emt 0:00:02]} Bg6 {[%emt 0:07:19]} 35. Bg2 {[%emt 0:06:08]} Be4 {[%emt 0:10:46]} 36. Bxe4 {[%emt 0:00:22]} dxe4 {[%emt 0:00:01]} 37. Kf1 {[%emt 0:00:06]} Nf7 {[%emt 0:00:08]} 38. Nf5 {[%emt 0:00:13]} Kf8 {[%emt 0:01:28]} 39. Nd2 {[%emt 0:00:42]} Ng5 {[%emt 0:02:51]} 40. h4 {[%emt 0:01:19]} Nf3 {[%emt 0:00:03]} 41. Nxf3 {[%emt 0:03:54]} exf3 {[%emt 0:00:02]} 42. h5 {[%emt 0:00:13]} Bc5 {[%emt 0:00:17]} 43. Nh4 {[%emt 0:00:59]} Ke8 {[%emt 0:01:38]} 44. Nxf3 {[%emt 0:00:19]} Kd7 {[%emt 0:00:14]} 45. Nd2 {[%emt 0:09:12]} Ke6 {[%emt 0:00:31]} 46. Ne4 {[%emt 0:01:51]} Be7 {[%emt 0:03:59]} 47. Ke2 {[%emt 0:00:56]} f5 {[%emt 0:00:14]} 48. gxf5+ {[%emt 0:00:22]} Kxf5 {[%emt 0:00:01]} 49. Kf3 {[%emt 0:04:51]} Ke5 {[%emt 0:21:04]} 1/2-1/2

[Event "44th Open Sitges 2018"]
[Site "Sitges"]
[Date "2018.07.23"]
[Round "3"]
[White "Macias Dalmau, David"]
[Black "Jimenez Ortiz, Gonzalo"]
[Result "1/2-1/2"]
[WhiteElo "1759"]
[BlackElo "1949"]
[Annotator "NA"]
[PlyCount "39"]
[EventDate "2018.07.22"]
[EventType "swiss"]
[EventCountry "ESP"]
[SourceTitle "playchess.com"]
[Source "ChessBase"]
[SourceQuality "1"]
[TimeControl "40/5400+30:1800+30"]

1. d4 {[%emt 0:03:41]} d5 {[%emt 0:00:43]} 2. c4 {[%emt 0:00:15]} c6 {[%emt 0:00:28]} 3. cxd5 {[%emt 0:01:47]} cxd5 {[%emt 0:00:15]} 4. Bf4 {[%emt 0:02:12]} Nc6 {[%emt 0:02:20]} 5. Nc3 {[%emt 0:00:49]} a6 {[%emt 0:02:33]} 6. e3 {[%emt 0:00:27]} Nf6 {[%emt 0:01:58]} 7. Bd3 {[%emt 0:01:11]} Bg4 {[%emt 0:06:12]} 8. Nge2 {[%emt 0:01:55]} e6 {[%emt 0:03:23]} 9. O-O {[%emt 0:01:58]} Bd6 {[%emt 0:02:28]} 10. f3 {[%emt 0:01:27]} Bh5 {[%emt 0:03:26]} 11. Rc1 {[%emt 0:03:58]} Bg6 {[%emt 0:04:40]} 12. Bxd6 {[%emt 0:10:39]} Qxd6 {[%emt 0:02:38]} 13. Nf4 {[%emt 0:17:35]} O-O {[%emt 0:06:06]} 14. Nxg6 {[%emt 0:03:28]} hxg6 {[%emt 0:00:34]} 15. f4 {[%emt 0:01:01]} Rfc8 {[%emt 0:12:59]} 16. Rf2 {[%emt 0:18:08]} Rc7 {[%emt 0:02:04]} 17. Na4 {[%emt 0:05:33]} Nd7 {[%emt 0:06:46]} 18. Rfc2 {[%emt 0:04:41]} Rac8 {[%emt 0:04:27]} 19. a3 {[%emt 0:03:16]} Na5 {[%emt 0:18:25]} 20. b4 {[%emt 0:11:45]} 1/2-1/2

[Event "44th Open Sitges 2018"]
[Site "Sitges"]
[Date "2018.07.24"]
[Round "4"]
[White "Guseinov, Gadir"]
[Black "Saurabh, Anand"]
[Result "1-0"]
[WhiteElo "2654"]
[BlackElo "2258"]
[Annotator "TA"]
[PlyCount "100"]
[EventDate "2018.07.22"]
[EventType "swiss"]
[EventCountry "ESP"]
[SourceTitle "playchess.com"]
[Source "ChessBase"]
[SourceQuality "1"]

{[%evp 19,100,15,23,15,16,12,20,8,3,14,0,-9,-9,-9,-16,-14,-7,-8,0,0,0,0,0,0,0,0,0,-8,22,30,30,20,50,49,49,49,49,53,53,51,57,62,79,86,154,145,142,90,91,87,100,102,117,118,125,125,125,124,232,251,466,455,449,448,441,372,384,375,426,438,531,547,411,268,434,433,5189,523,497,476,2298,744,1440]} 1. e4 e5 2. Nf3 Nc6 3. Bb5 a6 4. Ba4 Nf6 5. O-O Be7 6. d3 b5 7. Bb3 d6 8. a4 Bd7 9. Bd2 {C84: Closed Ruy Lopez: Unusual White 6th moves} b4 10. a5 O-O {LiveBook: 5 Games} 11. h3 {White has an edge.} Qc8 12. Re1 Rb8 13. c3 Be6 {[#]} (13... bxc3 {is more complex.} 14. bxc3 Be6 15. Bxe6 Qxe6 16. Qe2 Rfe8) 14. Bxe6 $146 ({Predecessor:} 14. Ba4 bxc3 15. Bxc3 Qb7 16. Nbd2 Nb4 {½-½ (26) Najer,E (2707)-Vitiugov,N (2724) Tbilisi 2017}) 14... Qxe6 15. d4 exd4 16. Nxd4 Nxd4 17. cxd4 d5 18. exd5 Qd6 19. Bg5 Nxd5 20. Bxe7 Nxe7 21. Nd2 {[%cal Bb1d2,Bd2b3,Bb3c5,Bc5b7][%mdl 32]} Nf5 22. Nb3 Rbd8 23. Re4 c5 24. Nxc5 Nxd4 25. Rc1 f5 26. Nb7 Nf3+ 27. Qxf3 fxe4 28. Qe3 Qd2 29. Nxd8 {Threatening mate with Qb3+.} Rxd8 $14 {[%mdl 4096] Endgame KQR-KQR} 30. Qb3+ Kh8 31. Rc4 $1 Rb8 ({Black should try} 31... h6) 32. Rxe4 $16 h6 33. Qg3 ({Better is} 33. f4) 33... Rf8 34. b3 Qa2 35. Re7 $40 {[%csl Ge7][%cal Rg3g7][%mdl 128] White wants a kill.} Rg8 36. Re5 Rf8 37. Qe3 Qb1+ 38. Kh2 Qb2 {[#]} (38... Qc2 $16) 39. f3 $1 $18 Rg8 $2 (39... Qc2 40. Rc5 Qg6) 40. Re6 {White threatens Rxh6+! and mate.} Rc8 41. Re8+ Rxe8 42. Qxe8+ {KQ-KQ} Kh7 43. Qe4+ Kh8 44. Qxb4 Qe5+ 45. f4 Qc7 46. Qd2 Qb8 $2 (46... Kh7 {was necessary.} 47. Kg3 Qe7) 47. b4 {White is clearly winning.} Qc7 {[#]} (47... h5 $142 48. Kg3 Qb5) 48. Qd4 (48. b5 $142 $1 axb5 49. a6) 48... Qb8 49. Kg3 Qc7 (49... h5 $142 50. Kh4 Qb7) 50. Qc5 (50. b5 $142 Qc2 51. b6 Qb3+ 52. Kh2) 50... Qd7 {Precision: White = 74%, Black = 41%.} 1-0

[Event "44th Open Sitges 2018"]
[Site "Sitges"]
[Date "2018.07.24"]
[Round "4"]
[White "Munoz, Miguel"]
[Black "Mitrabha, Guha"]
[Result "1/2-1/2"]
[WhiteElo "2500"]
[BlackElo "2299"]
[Annotator "TA"]
[PlyCount "34"]
[EventDate "2018.07.22"]
[EventType "swiss"]
[EventCountry "ESP"]
[SourceTitle "playchess.com"]
[Source "ChessBase"]
[SourceQuality "1"]

{[%evp 23,34,39,51,18,44,35,27,31,52,57,50,39,52]} 1. e4 c6 2. Nc3 d5 3. Nf3 dxe4 4. Nxe4 Nf6 5. Ng3 g6 6. d4 Bg7 7. Bc4 O-O 8. O-O Nbd7 9. Re1 {B17: Caro-Kann: Modern Line (4...Nd7)} Nb6 10. Bb3 a5 11. a4 Bg4 12. c3 Nbd5 {LiveBook: 3 Games} 13. Bc4 $146 ({Predecessor:} 13. h3 Bc8 14. Ne4 b6 15. Nxf6+ exf6 16. c4 Nb4 {½-½ (30) Dixit,N (2271)-Burmakin,V (2528) Bhubaneswar 2018}) 13... e6 14. h3 Bxf3 15. Qxf3 Qd7 {White is slightly better.} 16. Bg5 h6 17. Bd2 b5 1/2-1/2

[Event "44th Open Sitges 2018"]
[Site "Sitges"]
[Date "2018.07.24"]
[Round "4"]
[White "Aguero Jimenez, Luis Lazaro"]
[Black "Neelash, Saha"]
[Result "1/2-1/2"]
[WhiteElo "2473"]
[BlackElo "2319"]
[Annotator "TA"]
[PlyCount "80"]
[EventDate "2018.07.22"]
[EventType "swiss"]
[EventCountry "ESP"]
[SourceTitle "playchess.com"]
[Source "ChessBase"]
[SourceQuality "1"]

{[%evp 14,80,22,-7,23,0,0,0,-8,0,1,0,6,0,-10,-14,-5,0,25,-3,0,0,0,0,0,0,0,0,89,90,103,95,102,80,79,65,81,81,118,106,100,92,116,97,89,86,129,110,126,55,80,75,78,77,112,32,45,6,9,0,0,0,0,0,0,0,0,0,0]} 1. Nf3 c5 2. g3 Nc6 3. Bg2 e5 4. c4 Nge7 5. Nc3 g6 6. d3 {A04: Holländisches System ohne Übergang in andere Systeme} h6 7. h4 Bg7 8. Bd2 {LiveBook: 13 Partien} Rb8 $146 ({Vorgänger:} 8... d6 9. a3 Be6 10. Rb1 a5 11. Qc1 Rc8 12. O-O b6 13. e4 Bg4 14. Re1 Kf8 15. Nd5 Nxd5 16. exd5 Bxf3 17. Bxf3 {0-1 (28) Wang,Y (2685)-Grischuk,A (2763) Istanbul 2012}) 9. Rb1 a6 10. Qc1 d6 11. a3 $1 b5 12. cxb5 axb5 13. b4 cxb4 14. axb4 d5 15. O-O Qd6 16. d4 Nxd4 17. Nxd4 exd4 18. Bf4 Be5 19. Bxe5 Qxe5 {[#]} 20. Nxd5 $1 {[%mdl 512]} Bf5 (20... Nxd5 $11 21. Qc6+ Ke7 22. Qxd5 (22. Bxd5 Rd8 $11) 22... Qxd5 23. Bxd5 Rd8) 21. Qc5 $36 {[%mdl 2048] Weiss ist am Drücker.} Rc8 22. Qxb5+ Kf8 23. Rbd1 Kg7 24. f4 Qe6 25. Rxd4 Rb8 26. Qc5 Nxd5 27. Rxd5 {[%cal Bd4d5,Bd5e5,Be5e7][%mdl 32] e4 ist eine echte Drohung.} Qxe2 28. Qd4+ Kh7 29. Re5 Qg4 30. Re7 Rhf8 31. Qc3 ({Besser ist} 31. Rf3 $16) 31... Kg8 32. Bd5 {Schwarz muss nun Db3 beachten.} Rbd8 {[#]} 33. Re5 $1 Rc8 34. Qf3 ({Lieber} 34. Qb3 $16) 34... Qxf3 $14 35. Bxf3 {Und b5 würde nun gewinnen.} (35. Rxf3 {with more complications.} Rc1+ 36. Rf1 Rc3 37. b5 Rb8 38. Rf3) 35... Rc3 {Die Stellung ist ausgeglichen.} 36. Kg2 Rb8 37. b5 Bd3 38. Rd1 Bxb5 39. Rb1 Rxf3 40. Rbxb5 Rxb5 {Precision: Weiß = 44%, Schwarz = 71%.} 1/2-1/2

[Event "44th Open Sitges 2018"]
[Site "Sitges"]
[Date "2018.07.24"]
[Round "4"]
[White "Fernandez Cardoso, Alexey"]
[Black "Anadkat, Kartavya"]
[Result "1-0"]
[WhiteElo "2439"]
[BlackElo "1910"]
[Annotator "TA"]
[PlyCount "97"]
[EventDate "2018.07.22"]
[EventType "swiss"]
[EventCountry "ESP"]
[SourceTitle "playchess.com"]
[Source "ChessBase"]
[SourceQuality "1"]

{[%evp 32,97,7,13,6,10,18,0,0,0,0,-17,-10,-22,58,-23,-22,-44,-49,-43,-27,-22,-24,-45,0,0,0,-10,87,84,89,39,39,0,0,0,0,0,0,0,0,0,0,0,0,0,2,0,176,179,259,254,262,160,111,68,445,451,929,878,29994,29995,29995,29996,29996,0,29997,-92]} 1. e4 {CB} e5 2. Nf3 Nc6 3. Bb5 a6 4. Ba4 Nf6 5. O-O Be7 6. Re1 b5 7. Bb3 d6 8. c3 O-O 9. h3 Nb8 10. d4 Nbd7 11. c4 c6 12. Nc3 {[%cal Bb1c3,Bc3a4,Ba4b2,Bb2d3][%mdl 32]} b4 {C95: Closed Ruy Lopez: Breyer Variation with 10 d4} 13. Na4 c5 14. d5 Re8 15. a3 a5 16. Bc2 Nf8 17. b3 {LiveBook: 4 Games} Ng6 18. Nb2 Bd7 {[#]} 19. Kh2 $146 ({Predecessor:} 19. Be3 h6 20. Ra2 {0-1 (48) Vallejo Pons,F (2684)-Carlsen,M (2850) Berlin 2015 CBM 168 Extra [CB]}) 19... h6 20. Ng1 Nh7 21. g3 Bg5 22. Nd3 Rf8 (22... Bxc1 $11 23. Qxc1 Qc7) 23. Rf1 (23. f4 $1 $14 exf4 24. gxf4) 23... f5 24. exf5 Bxf5 25. axb4 $1 axb4 26. Rxa8 Qxa8 27. g4 {[%cal Bg3g4,Bg4f5][%mdl 32]} Bxc1 28. gxf5 Bf4+ $1 29. Kh1 Ne7 (29... Nh4 $11) 30. Nxf4 $16 exf4 31. Qe2 Rf7 32. Nf3 Nxf5 33. Bxf5 Rxf5 34. Qe6+ Rf7 {And now ...Qa2 would win.} 35. Qxd6 Qa2 36. Qxc5 Qxb3 37. Qc8+ Rf8 38. Qe6+ Rf7 $1 39. Kg2 Nf8 $2 (39... Qc3 $11 {and Black stays safe.}) 40. Qe4 $18 Qc3 {[#]} (40... Rd7 $142 41. Ra1 (41. Qxf4 Ng6 $11) 41... Qc3) 41. d6 $1 b3 42. Ne5 Ra7 43. d7 Nxd7 $2 {[%mdl 8192]} ({Black should play} 43... Qd2 $14) 44. Nxd7 b2 (44... f3+ $142 45. Kh2 (45. Qxf3 Qxf3+ 46. Kxf3 Rxd7 $11) 45... Qb2) 45. Rd1 {Intending Qe8+ and mate.} Ra1 46. Qe8+ Kh7 47. Nf8+ Kh8 48. Ne6+ Kh7 {[#] Hoping for ...f3+.} 49. Ng5+ $1 {[%mdl 33280] Precision: White = 51%, Black = 55%. . Loss on Time!?} 1-0

[Event "44th Open Sitges 2018"]
[Site "Sitges"]
[Date "2018.07.24"]
[Round "4"]
[White "Nitish, Belurkar"]
[Black "Volkov, Sergey"]
[Result "1-0"]
[WhiteElo "2306"]
[BlackElo "2574"]
[Annotator "TA"]
[PlyCount "87"]
[EventDate "2018.07.22"]
[EventType "swiss"]
[EventCountry "ESP"]
[SourceTitle "playchess.com"]
[Source "ChessBase"]
[SourceQuality "1"]

{[%evp 19,87,18,19,-2,25,0,0,0,11,-14,45,29,32,-23,-22,-32,-22,-61,-28,-35,-24,-18,-16,-18,0,-6,0,-25,-10,-10,-10,-10,-10,-10,-10,-18,-17,-23,-23,-30,-28,-22,-24,-28,-27,-35,-41,-41,-41,-42,-40,-35,-34,-40,-41,-41,-39,-49,-49,-49,-49,-49,-49,-65,-61,-59,-60,-84,-80,-85]} 1. e4 {Erenburg,S} e6 2. d4 d5 3. Nd2 Nf6 4. e5 Nfd7 5. Ngf3 c5 6. c3 Be7 {C05: French Tarrasch: 3...Nf6 4 e5 Nfd7, 5 f4 and 5 Bd3 sidelines} 7. Bd3 b6 8. Qe2 a5 9. a4 Ba6 10. Bxa6 Nxa6 {LiveBook: 4 Games} 11. O-O Nc7 12. Re1 Qc8 13. Nf1 Qa6 {[#]} 14. Qd1 $146 ({Predecessor:} 14. Qe3 O-O {½-½ (60) Adams,M (2698)-Nakamura,H (2715) London 2009 CBM 134 [Erenburg,S]}) 14... h6 (14... O-O $11) 15. h4 b5 16. Ne3 (16. Ng3 $14) 16... b4 $11 17. cxb4 axb4 18. b3 {[#]} Nb5 $1 {[%mdl 512]} 19. Bb2 (19. axb5 Qxa1) 19... Nc3 20. Bxc3 bxc3 21. Rc1 O-O 22. Rxc3 Rfc8 23. Rc1 Rab8 24. Rb1 Rb6 25. Nc2 c4 26. bxc4 Rxc4 27. Ne3 Rxa4 28. Ra1 Rxa1 29. Qxa1 Nb8 30. Qxa6 Rxa6 31. Rb1 Nc6 32. Rb7 Kf8 33. g3 Ke8 34. Rb2 Ra1+ 35. Kg2 Kd7 36. Rb7+ Kc8 37. Rb2 Bd8 38. Nc2 Ra4 39. Rb1 Ba5 40. Ra1 Rc4 41. Na3 Rb4 $1 42. Nc2 {[#] aiming for Rxa5.} Rb2 43. Rc1 Kb7 44. Nce1 {[%mdl 32768] Precision: White = 48%, Black = 63%. . Loss on Time!?} 1-0

[Event "44th Open Sitges 2018"]
[Site "Sitges"]
[Date "2018.07.24"]
[Round "4"]
[White "Kulkarni, Bhakti"]
[Black "Pulvett Marin, Daniel Eduardo"]
[Result "0-1"]
[WhiteElo "2285"]
[BlackElo "2458"]
[Annotator "TA"]
[PlyCount "96"]
[EventDate "2018.07.22"]
[EventType "swiss"]
[EventCountry "ESP"]
[SourceTitle "playchess.com"]
[Source "ChessBase"]
[SourceQuality "1"]

{[%evp 19,95,60,62,39,59,56,51,27,23,0,0,-28,0,-5,-10,-29,47,-12,1,-21,0,0,0,0,0,0,169,164,354,265,240,0,-7,-284,-266,-695,-437,-408,-287,-774,-533,-514,-526,-582,-551,-535,-546,-583,-575,-654,-688,-791,-639,-573,-137,-137,-137,-113,-55,-76,-59,-58,0,-69,-66,-54,-22,-31,-47,-30,-19,-42,-8,-8,0,0,0,0]} 1. d4 Nf6 2. c4 g6 3. Nc3 Bg7 4. e4 d6 5. Nf3 O-O 6. Be2 Na6 7. Bf4 Nh5 {E91: King's Indian: Classical: 6 Be2, unusual replies including 6...c5 and 6...Bg4} 8. Bg5 h6 9. Be3 e5 10. Qd2 Nf4 {LiveBook: 3 Games} 11. O-O-O Nxe2+ 12. Nxe2 Kh7 $146 ({Predecessor:} 12... exd4 13. Nfxd4 Kh7 14. h4 Nc5 15. Qc2 {0-1 (64) Milanovic,D (2517)-Saric,S (2448) Kragujevac 2011}) 13. dxe5 Be6 14. Qc3 Qe8 15. Nf4 Bg4 {[%cal Rd6e5]} 16. Nd3 dxe5 17. h3 Be6 ({Black should play} 17... Bc8 $11) 18. Nfxe5 (18. Ndxe5 $14 f5 19. exf5 Bxf5 20. Rhe1) 18... b5 $11 19. f4 bxc4 20. Nc5 Nxc5 21. Bxc5 Rg8 22. Bd4 $1 Qa4 $2 {[#]} (22... c5 $11 23. Bxc5 Qa4) 23. Ng4 $1 $18 f5 $2 (23... f6 24. Nxf6+ (24. Bxf6 Qxa2 25. Bxg7 Rxg7 $18) 24... Bxf6) 24. Bxg7 Rxg7 25. Qf6 $2 ({White has to play} 25. Nf6+ $18 Kh8 26. Rhe1) 25... Re8 $36 {[%mdl 2048] Black fights for an advantage.} ({Avoid the trap} 25... fxg4 $2 26. hxg4 (26. Qxe6 Re8 $11) 26... Qxd1+ 27. Kxd1 $18) (25... Qxa2 26. Qxe6 Qa1+ 27. Kc2 $18) 26. Nxh6 $2 {[%mdl 8192]} (26. exf5 $1 $11 {and White has nothing to worry.} Bxf5 27. Qc3) 26... c3 $1 $19 ({And not} 26... Qxa2 27. Qh4 $11) 27. g4 $2 (27. Ng4 fxg4 28. hxg4+ Kg8 29. Qxc3) 27... cxb2+ 28. Qxb2 {[%cal Rg4f5]} Qc4+ 29. Kb1 $2 (29. Qc2 Kxh6 30. Qxc4 Bxc4 31. g5+ Kh5 32. exf5) 29... Qxe4+ 30. Ka1 Kxh6 31. Rhe1 Qxf4 32. gxf5 Qxf5 33. Re5 Qf4 34. Rde1 Rd7 35. Qc3 Rd6 {White must now prevent ...Qa4.} 36. h4 Ra6 $2 (36... Qg4 $19 {Strongly threatening ...Rd1+.} 37. Rc5 c6 38. Qe3+ Kh7) 37. Rxe6 $17 Raxe6 38. Rxe6 {[%mdl 4096] Endgame [#] KQR-KQR} Qf1+ (38... Rd8 $1 $17 39. Rc6 Qf1+ 40. Qc1+ Qxc1+ 41. Rxc1 Rd4) 39. Kb2 $15 Qf2+ 40. Ka1 Qf1+ 41. Kb2 Rb8+ 42. Ka3 Qf8+ 43. Ka4 {Threatens to win with Qc1+.} Qf4+ 44. Ka3 a5 {...Qf8+ is the strong threat.} 45. Rc6 Qb4+ 46. Qxb4 {The position is equal.} Rxb4 $4 {[%mdl 8192]} (46... axb4+ 47. Kb3 Kh5) 47. h5 $1 Kxh5 {aiming for ...Rf4.} 48. Rxg6 Kxg6 {[%mdl 32768] Precision: White = 45%, Black = 52%. . Sensor Board Error (Ke4/e5)?} 0-1

[Event "44th Open Sitges 2018"]
[Site "Sitges"]
[Date "2018.07.24"]
[Round "4"]
[White "Kadam, Om Manish"]
[Black "Argandona Riveiro, Inigo"]
[Result "1/2-1/2"]
[WhiteElo "1836"]
[BlackElo "2423"]
[Annotator "TA"]
[PlyCount "36"]
[EventDate "2018.07.22"]
[EventType "swiss"]
[EventCountry "ESP"]
[SourceTitle "playchess.com"]
[Source "ChessBase"]
[SourceQuality "1"]

{[%evp 22,36,87,45,79,19,83,82,75,72,93,0,60,0,89,0,66]} 1. e4 c5 2. Nf3 g6 3. d4 cxd4 4. Nxd4 Bg7 5. c4 Nc6 6. Be3 Nf6 7. Nc3 O-O 8. Be2 b6 9. O-O Bb7 10. f3 Qb8 11. Qd2 Rd8 12. Rfd1 {LiveBook: 41 Games} e6 {B38: Sicilian: Maroczy Bind with 5...Bg7 and 7...0-0} 13. Nxc6 (13. Rac1 $16) 13... Bxc6 (13... dxc6 $11 14. Qc2 Qc7) (13... dxc6 14. Qxd8+ Qxd8 15. Rxd8+ Rxd8 16. a4 Nd7 17. a5 Rb8 18. Rd1 Bc8 19. axb6 axb6 20. Na4 {1-0 (44) Fridman,D (2668)-McShane,L (2713) Wolvega 2012}) 14. Bf4 $16 Qb7 {White is better.} 15. Bg5 $146 ({Predecessor:} 15. Bd6 Ne8 16. Be7 Rdc8 17. Rac1 a6 18. b3 Qc7 19. f4 Bh6 20. g3 {0-1 (47) Dubois,P (1840)-Colin,V (2408) Gorges 2008}) 15... Qb8 16. Bf4 Qb7 17. Bg5 Qb8 $1 18. Bf4 Qb7 1/2-1/2